000
00188nam a2200085Ia 4500
100
_a
Khaimouich/E.M
942
_c
BK
245
_a
Hydraulic Control of Machine Tools
260
_b
Pergamon press
999
_c
18469
_d
18469